Największe Organizacje Esportowe - Statystyki

Ogólne statystyki
  • Ten quiz został rozwiązany 182 razy
    134 od ostatniego zresetowania
  • Średni wynik to 15 z 40
Statystyki odpowiedzi
Lp. Organizacja % Poprawnych
15 G2 Esports
93%
12 Fnatic
85%
23 Natus Vincere
78%
40 Virtus.pro
77%
34 Team Liquid
74%
2 Astralis
71%
11 FaZe Clan
69%
4 Cloud9
68%
37 Team Vitality
66%
32 T1
62%
24 Ninja in Pyjamas
57%
31 SK Gaming
51%
9 ENCE Esports
47%
22 mousesports
44%
17 Gen.G
40%
36 Team SoloMid
40%
14 FURIA Esports
39%
16 Gambit Gaming
37%
29 Rogue Esports
34%
3 BIG Clan
32%
8 Dignitas
32%
30 Royal Never Give Up
31%
18 Heroic
28%
5 Complexity
26%
13 FunPlus Phoenix
25%
10 Evil Geniuses
23%
25 NRG Esports
23%
21 Misfits
20%
1 100 Thieves
18%
26 OG
18%
6 Counter Logic Gaming
16%
27 PSG.LGD
15%
28 Renegades
15%
19 Immortals
13%
20 Invictus Gaming
9%
38 TOP Esports
9%
7 DAMWON Gaming
6%
35 Team Secret
6%
39 ViCi Gaming
2%
33 Team Alliance
0%
Nie znaleziono quizów pasujących do podanych kryteriów
Rozkład punktacji
Procent ludzi z każdym wynikiem
Percentyl według liczby udzielonych odpowiedzi
Twoja historia wyników
Nie rozwiązałeś tego quizu od ostatniego zresetowania